LEADER 01145nam a2200241 i 4500 001 000000140968 003 CaOOAMICUS 005 20050630000000.0 008 050630s1973 it u000 u ita u 013 $a115197 040 $aSeMil$bita 100 1 $aCardia, Carlo,$d<1943- >.$0(OLS)http://semarc/name/16049 245 10$aAteismo e libertà religiosa :$bnell'ordinamento giuridico, nella scuola, nell'informazione dall'Unità ai giorni nostri /$cCarlo Cardia. 260 $aBari :$bDe Donato,$c1973. 300 $a188 p. ;$c18 cm. 490 0 $aDissensi ;$v46 650 4$aAteismo - Italia - Sec. 19.-20.$0(OLS)http://semarc/subject/27753 650 4$aLibertà religiosa - Italia - Sec. 19.-20.$0(OLS)http://semarc/subject/27754 830 0$aDissensi ;$v46.$0(OLS)http://semarc/title/18263 850 $aSeMil 852 $aSeMil$W1$xVenegono$y1$m2R I 374$j94240$B94240$CSeMilBibl$Z2$F99720 $81 996 $6245$aAteismo e libertà religiosa :$bnell'ordinamento giuridico, nella scuola, nell'informazione dall'Unità ai giorni nostri$9(OLS)http://semarc/title/205983 996 $6260$aBari :$bDe Donato$9(OLS)http://semarc/publisher/31401 LEADER 01022nam a2200217 i 4500 001 000000230903 003 CaOOAMICUS 005 20140701000000.0 008 140701s1792 it u000 u ita u 013 $a209805 026 $a6.o, 41la 2.em ritr (3) 1792 (R) 040 $aSeMil$bita 245 10$aDel Genesi. Tomo quarto. 300 $aXII, 360 p., [1] c. di tav. :$bantip. calcogr. 500 $aSegn. : *6 A-P12. 773 0 $aGranelli, Giovanni, $tIstoria santa dell'Antico Testamento spiegata in lezioni morali, istoriche, critiche, e cronologiche, da Giovanni Granelli della Compagnia di Gesu con l'aggiunta delle lezioni sinora inedite sui libri di Giuditta, Ester, e Giobbe. Tomo 1. [-12.].$dIn Venezia : Presso Antonio Zatta e figli, 1792-1793.$g4$w()30093 850 $aSeMil 852 $aSeMil$W1$xVenegono$y1$m2W I 101 FA$j181249$B181249$CSeMilBibl$Z2$F192104 $8I 941 1 $a10 961 $aRecupero: Mantegazza 996 $6245$aDel Genesi. Tomo quarto$9(OLS)http://semarc/title/329852